Statystyki dla Państwa z 2 lub więcej gatunkami niedźwiedzi

Kliknij tutaj aby rozwiązać quiz!

Ogólne statystyki

  • Ten quiz został rozwiązany 222 razy
  • Średni wynik to 8 z 12

Statystyki odpowiedzi

BärenLand% Poprawnych
Niedźwiedź brunatny, Niedźwiedź himalajski, Niedźwiedź polarnyRosja
96%
Niedźwiedź brunatny, Niedźwiedź czarny (amerykański), Niedźwiedź polarnyStany Zjednoczone
94%
Niedźwiedź brunatny, Niedźwiedź himalajski, Niedźwiedź malajski, Panda wielkaChiny
94%
Niedźwiedź czarny (amerykański), Niedźwiedź polarnyKanada
93%
Niedźwiedź brunatny, Niedźwiedź himalajski, Niedźwiedź malajski, Wargacz leniwyIndie
79%
Niedźwiedź brunatny, Niedźwiedź polarny,Norwegia
76%
Niedźwiedź brunatny, Niedźwiedź himalajskiJaponia
67%
Niedźwiedź brunatny, Niedźwiedź himalajskiPakistan
49%
Niedźwiedź brunatny, Niedźwiedź himalajski, Niedźwiedź himalajskiIran
40%
Niedźwiedź brunatny, Niedźwiedź himalajski, Wargacz leniwyAfganistan
38%
Niedźwiedź brunatny, Niedźwiedź himalajskiKorea Północna
36%
Niedźwiedź himalajski, Wargacz leniwyBangladesz
32%

Rozkład punktacji

Percentyl według liczby udzielonych odpowiedzi

Procent ludzi z każdym wynikiem

Twoja historia wyników

Nie rozwiązałeś tego quizu